| 000 | 00922nam a2200229Ii 4500 | ||
|---|---|---|---|
| 003 | JO-AjNU | ||
| 008 | 230605s9999||||xx |||||||||||||| ||und|| | ||
| 017 | _a2011/6/2180 | ||
| 020 | _a978-9957-16-727-1 | ||
| 040 |
_aJO-AjNU _bara _erda _cJO-AjNU |
||
| 041 | _aara | ||
| 050 | 1 | 4 | _aKMM49.U82 2012 |
| 100 | 3 |
_aالعتيبي، جهاد صالح, _eauthor _959625 |
|
| 245 | 0 | 0 | _aالقواعد القضائية في شرح القانون المدني =Judicial Rules in Explaining The Civil Law، الجزء الاول |
| 250 | _aالطبعة الاولى | ||
| 264 | 3 | 1 | _aعمان: دار الثقافة للنشر والتوزيع، 2012 |
| 300 |
_aج1: 719ص _b ويحتوي على قائمة مراجع |
||
| 336 |
_atext _btxt _2rdacontent |
||
| 337 |
_aunmediated _bn _2rdamedia |
||
| 338 |
_avolume _bnc _2rdacarrier |
||
| 650 | 4 |
_aالقانون المدني-اصول المحاكمات-الاردن _959626 |
|
| 999 |
_aA26841 _c30409 _d30409 |
||